000 00314nam a2200121Ia 4500
008 190216s9999||||xx |||||||||||||| ||und||
100 _aBartle Robert G And Sherbert Donald
245 0 _aIntroduction To Real Analysis
260 _bJohn Wiley & Sons
_c1982
300 _a404p
650 _aMathematics
942 _cBK
999 _c31607
_d31607